<?xml version="1.0" encoding="UTF-8"?>
<marc:record xmlns:marc="http://www.loc.gov/MARC21/slim">
   <marc:leader>00000nam a2200000 a 4500</marc:leader>
   <marc:datafield ind1="1" ind2=" " tag="100">
      <marc:subfield code="a">Küntzel, Karolin</marc:subfield>
      <marc:subfield code="4">aut</marc:subfield>
      <marc:subfield code="e">Verfasser/-in</marc:subfield>
   </marc:datafield>
   <marc:datafield ind1=" " ind2=" " tag="653">
      <marc:subfield code="a">Tiptoi</marc:subfield>
   </marc:datafield>
   <marc:datafield ind1="0" ind2="0" tag="245">
      <marc:subfield code="a">Unterwegs mit der Polizei</marc:subfield>
   </marc:datafield>
   <marc:datafield ind1=" " ind2="1" tag="264">
      <marc:subfield code="b">Ravensburger Buchverlag Otto Maier GmbH</marc:subfield>
      <marc:subfield code="c">2019</marc:subfield>
   </marc:datafield>
   <marc:datafield ind1="1" ind2=" " tag="490">
      <marc:subfield code="a">Tiptoi</marc:subfield>
   </marc:datafield>
   <marc:datafield ind1="1" ind2=" " tag="520">
      <marc:subfield code="a">Wissenswertes und Spannendes über die Polizei!
Sirenen heulen, Streifenwagen brausen zum Einsatz, spannende Ermittlungen werden geführt und die wichtigsten Kinderfragen beantwortet. Mit diesem Buch können Kinder selbstständig hinter die Kulissen des spannenden Berufs schauen. Los geht es in der Polizeiwache. Danach folgen spannende Einsätze von Spurensicherung und SEK. Auch die Kriminal- und Verkehrspolizei wird begleitet. Tolle Bilder und spannende Geräusche machen den Titel zu einem Muss für jeden kleinen Nachwuchspolizisten. (ravensburger.de)</marc:subfield>
   </marc:datafield>
   <marc:datafield ind1=" " ind2=" " tag="020">
      <marc:subfield code="a">9783473329229</marc:subfield>
      <marc:subfield code="9">9783473329229</marc:subfield>
   </marc:datafield>
</marc:record>
